000 01212nam a2200289Ia 4500
003 OSt
005 20221005110107.0
006 a|||||r|||| 00| 0
007 ta
008 KAS
020 _a812600519X (pbk)
_c300
024 _a93092
037 _b525, 19/03/2009, Vani Prakashan
_cTextual
040 _aCRL
_cCRL
_bKAS
041 _2KAS
_aKAS
082 _aO154,6N45x, 152N9
100 _aआज़ुर्दा, मुहम्मद ज़मान
245 0 _aप्रतिबिम्ब
246 _aPratibimba
260 _aनई दिल्ली
_bसाहित्य अकादेमी भारत
_c1999
300 _a103पृ0
_ccm.
490 _aसाहित्य अकादेमी द्वारा पुरकृत कश्मीरी निबंध - संग्रह
650 _aकश्मीरी कहानी
700 _a राज़दान, सत्यभामा, अनु.
942 _hO154,6N45x, 152N9
_cTEXL
_2cc
999 _c1017773
_d1017773